000
00313nam a22001337a 4500
008
170227b xxu||||| |||| 00| 0 eng d
020
_a
9780781721455
041
_a
eng
080
_a
577
100
_a
5
101
_a
SHMB
245
_a
BASIC MEDICAL BIO CHEMISTRY A CLINICAL APPROACH
_c
SMITH.C
942
_2
udc
_c
BK
999
_c
6346
_d
6346